000 01069nas a2200361 4500
001 BR0403442
003 BR-BrBNA
005 20231205104700.0
007 ta
008 230509b bl.|||p| |||| 00| 00por d
040 _aBR-BrBNA
_bpor
_cBiblioteca Nacional de Agricultura
041 _a(Pt)
072 _aF30; F60
100 1 _aZeoula, L.M.
100 1 _aBeleze, J.R.F.
100 1 _aCecato, U.
100 1 _aJobim, C.C.
100 1 _aGeron, L.J.V.
100 1 _aMaeda, E.M.
100 1 _aFalcão, A.J. da S.
245 1 _aAvaliação de cinco híbridos de milho (Zea mays, L.)em diferentes estádios de maturação; composição químico-bromatológica
650 _aMILHO
650 _aHÍBRIDO
650 _aCOMPOSIÇÃO QUÍMICA
650 _aBROMATOLOGIA
650 _aCOLMO
650 _aGRÃO
650 _aPLANTIO
650 _aMATURAÇÃO
773 0 _tRevista Brasileira de Zootecnia (Brazil)
_xISSN 1516-3598
_g(May-Jun 2003), v. 32(3) p. 556-566
_wBR0403442
909 _a202311
_bLúcia
_c55
_dLúcia Elande
942 _2AGRIS
_n0
_cANA
999 _c179252
_d179252